| 000 | 01247nam0a22002771 4500 | ||
|---|---|---|---|
| 001 | v19\rc\1615908 | ||
| 005 | 20260407142745.0 | ||
| 035 | _a(NLR Aleph) 004734492 | ||
| 090 |
_a4464178 _c4464178 |
||
| 100 | _a20061002d1898 |||y0rusy50 ca | ||
| 101 | 0 | _arus | |
| 102 | _aRU | ||
| 105 | _aa z ||||| | ||
| 200 | 1 | _aВ память 25-летия деятельности врачей, окончивших курс Императорской Медико-хирургической академии в 1873 году. 1873-1898 | |
| 210 |
_aСанкт-Петербург _cскоропеч. А.Н. Цепова _d1898 |
||
| 215 |
_aVII, 75 с., 1 л. табл. _d30 |
||
| 532 | 1 | 1 | _aВ память двадцатипятилетия деятельности врачей, окончивших курс Императорской Медико-хирургической академии в 1873 году. 1873-1898 |
| 712 | 0 | 2 |
_aВоенно-медицинская академия _cПетербург _3RU\NLR\AUTH\8810013557 _9525018 |
| 801 | 0 |
_aRU _bNLR _gpsbo |
|
| 801 | 0 |
_aRU _bRuMoRGB _2psbo |
|
| 801 | 1 |
_aRU _bProSoft-M _2rusmarc |
|
| 852 |
_aNLR _j20.96.2.152 |
||
| 899 |
_aRuMoRGB _jA 260/36 |
||
| 899 | _aБАН | ||
| 942 | _cBOOK | ||
| 980 | _aNB | ||